غالب اور آہنگ غالب / # # G̲ẖālib aur āhang-i G̲ẖālib / (Record no. 80441)
[ view plain ]
| 000 -LEADER | |
|---|---|
| fixed length control field | 00835nam a22002293i 4500 |
| 001 - CONTROL NUMBER | |
| control field | 80441 |
| 003 - CONTROL NUMBER IDENTIFIER | |
| rucl marc code | BD-RjUL |
| 005 - DATE AND TIME OF LATEST TRANSACTION | |
| control field | 20220927102911.0 |
| 008 - FIXED-LENGTH DATA ELEMENTS--GENERAL INFORMATION | |
| fixed length control field | 220720s19711968ii ||| | urd d |
| 035 ## - SYSTEM CONTROL NUMBER | |
| System control number | (BD-RjUL) 80441 |
| 040 ## - CATALOGING SOURCE | |
| Original cataloging agency | UkOxU |
| Language of cataloging | eng |
| Description conventions | rda |
| Transcribing agency | UkOxU |
| 041 ## - LANGUAGE CODE | |
| Language code of text/sound track or separate title | urd |
| 082 ## - DEWEY DECIMAL CLASSIFICATION NUMBER | |
| Edition number | 23 |
| Classification number | 891.43913 |
| Author mark and year | KHG 1971 |
| 100 ## - MAIN ENTRY--PERSONAL NAME | |
| Personal name | خاں, .يوسف حسين # # Khan, Yusuf Hussain |
| 9 (RLIN) | 5023 |
| 245 00 - TITLE STATEMENT | |
| Title | غالب اور آہنگ غالب / # # G̲ẖālib aur āhang-i G̲ẖālib / |
| Statement of responsibility, etc. | يوسف حسين خاں. # # Yūsuf Ḥusain Ḵẖāṉ. |
| 250 ## - EDITION STATEMENT | |
| Edition statement | 2nd. ed. |
| 264 #1 - PRODUCTION, PUBLICATION, DISTRIBUTION, MANUFACTURE, AND COPYRIGHT NOTICE | |
| Place of production, publication, distribution, manufacture | نئی دہلی : Naʼī Dihlī : |
| Name of producer, publisher, distributor, manufacturer | غالب اکيڈمی، G̲ẖālib Akaiḍimī, |
| Date of production, publication, distribution, manufacture, or copyright notice | 1968. |
| 300 ## - PHYSICAL DESCRIPTION | |
| Pagination | 447 pages ; |
| Size | 23 cm |
| 600 ## - SUBJECT ADDED ENTRY--PERSONAL NAME | |
| Personal name | Ghalib, Mirza Asadullah Khan, |
| Dates associated with a name | 1797-1869 |
| 650 ## - SUBJECT ADDED ENTRY--TOPICAL TERM | |
| Form subdivision | Urdu Literature |
| 942 ## - ADDED ENTRY ELEMENTS (KOHA) | |
| Source of classification or shelving scheme | Dewey Decimal Classification |
| Koha item type | Books |
| Lost status | Source of classification or shelving scheme | Damaged status | Not for loan | Collection code | Permanent Location | Current Location | Shelving location | Date acquired | Source of acquisition | Cost, normal purchase price | Full call number | Date last seen | Copy number | Koha item type |
|---|---|---|---|---|---|---|---|---|---|---|---|---|---|---|
| Dewey Decimal Classification | Not For Loan | Non-fiction | Central Library, University of Rajshahi | Central Library, University of Rajshahi | Reading Room | 10/08/1989 | Karim International | 16.00 | 891.43913 KHG 1971 | 27/09/2022 | C-1 | Books |